LEADER 02437nam 2200613Ia 450 001 9910969068003321 005 20200520144314.0 010 $a9780791477670 010 $a0791477673 010 $a9781435695467 010 $a1435695461 024 7 $a10.1515/9780791477670 035 $a(CKB)1000000000706020 035 $a(OCoLC)299174304 035 $a(CaPaEBR)ebrary10575902 035 $a(SSID)ssj0000157842 035 $a(PQKBManifestationID)11163988 035 $a(PQKBTitleCode)TC0000157842 035 $a(PQKBWorkID)10139552 035 $a(PQKB)11046326 035 $a(MiAaPQ)EBC3407476 035 $a(Au-PeEL)EBL3407476 035 $a(CaPaEBR)ebr10575902 035 $a(DE-B1597)684459 035 $a(DE-B1597)9780791477670 035 $a(Perlego)2672879 035 $a(EXLCZ)991000000000706020 100 $a20071221d2008 ub 0 101 0 $aeng 135 $aurcn||||||||| 181 $ctxt 182 $cc 183 $acr 200 10$aFrameworks for Mallarme $ethe photo and the graphic of an interdisciplinary aesthetic /$fGayle Zachmann 205 $a1st ed. 210 $aAlbany $cState University of New York Press$dc2008 215 $a1 online resource (226 p.) 300 $aBibliographic Level Mode of Issuance: Monograph 311 08$a9780791475935 311 08$a079147593X 320 $aIncludes bibliographical references (p. 189-202) and index. 327 $aFrames of reference I: Une exquise crise, fondamentale -- Frame of reference II: Le futur vers se de?gage -- Frames of consciousness in "Igitur": Devant le papier l'artiste se fait -- Framed works and Mallarme?: the steadfast gaze of a vision restored to its simplest perfection -- Frame Works for Mallarme?: Dans l'oubli ferme? par le cadre se fixe, De scintillations -- Interartistic frameworks: Employez des comparaisons prises a? tous les arts, mais la poe?sie les re?sume -- Coda: exposing change: Quotidian frameworks and developing movements. 330 $aThe influence of photography and visual culture on the French poet, journalist, and critic. 606 $aAesthetics, French$y19th century 615 0$aAesthetics, French 676 $a841/.8 700 $aZachmann$b Gayle$f1964-$01808471 801 0$bMiAaPQ 801 1$bMiAaPQ 801 2$bMiAaPQ 906 $aBOOK 912 $a9910969068003321 996 $aFrameworks for Mallarme$94358715 997 $aUNINA LEADER 03775nam 22005655 450 001 9910863162203321 005 20251230065510.0 010 $a3-030-57000-2 024 7 $a10.1007/978-3-030-57000-2 035 $a(CKB)4100000011515507 035 $a(DE-He213)978-3-030-57000-2 035 $a(MiAaPQ)EBC6381229 035 $a(PPN)25830524X 035 $a(MiAaPQ)EBC29092660 035 $a(EXLCZ)994100000011515507 100 $a20201023d2020 u| 0 101 0 $aeng 135 $aurnn|008mamaa 181 $ctxt$2rdacontent 182 $cc$2rdamedia 183 $acr$2rdacarrier 200 10$aAsymptotic, Algebraic and Geometric Aspects of Integrable Systems $eIn Honor of Nalini Joshi On Her 60th Birthday, TSIMF, Sanya, China, April 9?13, 2018 /$fedited by Frank Nijhoff, Yang Shi, Da-jun Zhang 205 $a1st ed. 2020. 210 1$aCham :$cSpringer International Publishing :$cImprint: Springer,$d2020. 215 $a1 online resource (VIII, 237 p. 29 illus., 8 illus. in color.) 225 1 $aSpringer Proceedings in Mathematics & Statistics,$x2194-1017 ;$v338 311 08$a3-030-56999-3 327 $aQuadrangular Sets in Projective LIne and in Moebius Space and Geometric Interpretation of the Non-Commutative Discrete Schwarzian Kadomtsev-Petviashvili Equation (Doliwa et al.) -- Complexity and integrability in 4D bi-rational maps with two invariants (Gubbiotti et al.) -- A non-linear relation for certain hypergeometric functions(Schmalz et al.) -- An algebraically stable variety for a four-dimensional dynamical system reduced from the lattice super-KdV equation (Carstea et al.) -- On the Lattice Potential KP Equation(Cao et al.) -- Opers for higher states of the quantum Boussinesq model (Masoero et al.) -- Nonsingular Rational Solutions to Integrable models (Gegenhasi et al.) -- Stokes phenomenon arising in the con?uence of the Gauss hypergeometric equation (Horrobin et al.) -- Periodic trajectories of ellipsoidal billiards in the 3-dimensional Minkowski space (Dragovi´c et al.) -- Analogues of Kahan?s method for higher order equations of higher degree (Hone et al.) -- On some explicit representations of the elliptic Painlev´e equation (Noumi et al.). 330 $aThis proceedings volume gathers together selected works from the 2018 ?Asymptotic, Algebraic and Geometric Aspects of Integrable Systems? workshop that was held at TSIMF Yau Mathematical Sciences Center in Hainan China, honoring Nalini Joshi on her 60th birthday. The papers cover recent advances in asymptotic, algebraic and geometric methods in the study of discrete integrable systems. The workshop brought together experts from fields such as asymptotic analysis, representation theory and geometry, creating a platform to exchange current methods, results and novel ideas. This volume's articles reflect these exchanges and can be of special interest to a diverse group of researchers and graduate students interested in learning about current results, new approaches and trends in mathematical physics, in particular those relevant to discrete integrable systems. 410 0$aSpringer Proceedings in Mathematics & Statistics,$x2194-1017 ;$v338 606 $aMathematical analysis 606 $aGeometry 606 $aAnalysis 606 $aGeometry 615 0$aMathematical analysis. 615 0$aGeometry. 615 14$aAnalysis. 615 24$aGeometry. 676 $a515.45 676 $a516.362 702 $aNijhoff$b Frank 702 $aShi$b Yang 702 $aZhang$b Da-jun 801 0$bMiAaPQ 801 1$bMiAaPQ 801 2$bMiAaPQ 906 $aBOOK 912 $a9910863162203321 996 $aAsymptotic, algebraic and geometric aspects of integrable systems$92052301 997 $aUNINA